[Event "Ch Yugoslavia"]
[Site "masterchessopen.com – Yugoslavia"]
[Round "0"]
[White "Matulovic Milan (SRB)"]
[Black "Ivanovic Bozidar (MNE)"]
[Result "0-1"]
[WhiteElo "2394"]
[BlackElo "2460"]

1.e4 c5 2.Nf3 Nc6 3.d4 cxd4 4.Nxd4 Nf6 5.Nc3 d6 6.Bg5 e6 7.Qd2 a6 8.O-O-O Bd7
9.f4 Be7 10.Nf3 b5 11.Bxf6 gxf6 12.g3 Qb6 13.Bh3 O-O-O 14.f5 Kb8 15.fxe6 fxe6
16.Ne2 Ne5 17.Nfd4 Nc4 18.Qd3 f5 19.exf5 e5 20.Ne6 Rc8 21.Kb1 Bc6 22.Nc3 Qa5
23.Rhe1 Qb4 24.b3 Bb7 25.f6 Bxf6 26.Ne4 Na3+ 27.Kb2 Rxc2+ 28.Ka1 Rxh2 29.Nxf6
Nc4 30.Nd7+ Ka7 31.Ndc5 dxc5 32.Nxc5 Rxa2+ 33.Kb1 Rb2+ 34.Kc1 Qa3 35.Bf5 Rd2+
{#R} 0-1

[Event "Match-tournament (team)"]
[Site "masterchessopen.com – Tbilisi (Georgia)"]
[Round "0"]
[White "Chiburdanidze Maia (GEO)"]
[Black "Fatalibekova Elena (RUS)"]
[Result "0-1"]
[WhiteElo "2500"]
[BlackElo "2285"]

1.e4 c5 2.Nf3 Nc6 3.d4 cxd4 4.Nxd4 Nf6 5.Nc3 d6 6.Bg5 e6 7.Qd2 a6 8.O-O-O Bd7
9.f4 Be7 10.Nf3 b5 11.Bxf6 gxf6 12.f5 Qb6 13.g3 b4 14.fxe6 fxe6 15.Ne2 Qf2
16.Nfd4 Nxd4 17.Qxd4 Qxd4 18.Nxd4 Bd8 19.Bc4 Ke7 20.Rhe1 Bc7 21.Rd3 h5 22.Rf1
Bb6 23.Ne2 Bc6 24.Rf4 f5 25.exf5 d5 26.Bb3 Bb5 27.Rxb4 Bxd3 28.cxd3 Be3+
29.Kb1 Rhf8 30.Nd4 Bxd4 31.Rxd4 Rxf5 32.a3 Rg8 33.Ra4 Rf2 34.Rh4 Rf1+ 35.Ka2
Rg5 36.Ra4 Rf2 37.Rh4 Rd2 {#R} 0-1

[Event "?"]
[Site "masterchessopen.com – Biel (Switzerland)"]
[Round "0"]
[White "Pokojowczyk Jerzy (POL)"]
[Black "Deze Anton (YUG)"]
[Result "0-1"]
[WhiteElo "2380"]
[BlackElo "2405"]

1.e4 c5 2.Nf3 d6 3.d4 cxd4 4.Nxd4 Nf6 5.Nc3 Nc6 6.Bg5 e6 7.Qd2 a6 8.O-O-O Bd7
9.f4 Be7 10.Nf3 b5 11.Bxf6 gxf6 12.f5 Qb6 13.Kb1 O-O-O 14.g3 Kb8 15.fxe6 fxe6
16.Bh3 Bc8 17.Qe1 Qc5 18.Ne2 d5 19.exd5 Nb4 20.Nc3 Nxd5 21.Nxd5 Rxd5 22.Rxd5
Qxd5 23.Qe2 Rd8 24.Re1 Bb7 25.Bg2 e5 26.c3 Qd3+ 27.Kc1 Bf8 28.Qxd3 Rxd3 29.Rf1
Be4 30.Nxe5 Bh6+ 31.Kc2 Rf3+ {#R} 0-1

[Event "Ch Europe (juniors)"]
[Site "masterchessopen.com – Groningen (Netherlands)"]
[Round "11"]
[White "Franzoni Giancarlo (SUI)"]
[Black "Heilinger Dietmar (AUT)"]
[Result "1-0"]
[WhiteElo "2427"]
[BlackElo "2161"]

1.e4 c5 2.Nc3 Nc6 3.Nge2 d6 4.d4 cxd4 5.Nxd4 Nf6 6.Bg5 e6 7.Qd2 a6 8.O-O-O Bd7
9.f4 Be7 10.Nf3 b5 11.Bxf6 gxf6 12.Bd3 Qa5 13.Kb1 b4 14.Ne2 Qc5 15.Rhf1 a5
16.f5 a4 17.g4 Rb8 18.g5 Ne5 19.gxf6 Bxf6 20.fxe6 fxe6 21.Nfd4 Rf8 22.h3 Ke7
23.Qh6 Rf7 24.Qe3 Ng6 25.Qg1 Qe5 26.Bc4 Rg7 27.Bxe6 Nf8 28.Bxd7 Kxd7 29.Qf2
Rg6 30.Nf4 Rh6 31.Nd5 {#r} 1-0

[Event "Ch Europe (juniors)"]
[Site "masterchessopen.com – Groningen (Netherlands)"]
[Round "13"]
[White "Hjartarson Johann (ISL)"]
[Black "Corral Blanco Juan Antonio (ESP)"]
[Result "1-0"]
[WhiteElo "2420"]
[BlackElo "2436"]

1.e4 c5 2.Nf3 Nc6 3.d4 cxd4 4.Nxd4 Nf6 5.Nc3 d6 6.Bg5 e6 7.Qd2 a6 8.O-O-O Bd7
9.f4 Be7 10.Nf3 b5 11.Bxf6 gxf6 12.f5 Qb6 13.g3 O-O-O 14.Bh3 Kb8 15.Ne2 Qc5
16.fxe6 fxe6 17.Nfd4 Rc8 18.Nxe6 Qc4 19.b3 Qxe4 20.Nc3 Qb4 21.Nd5 Qxd2+
22.Rxd2 Rhe8 23.Rf1 Ne5 24.Nxf6 Bxe6 25.Bxe6 Bxf6 26.Rxf6 Rcd8 27.Bf5 Kc7
28.Bxh7 Ng4 29.Rf7+ {#r} 1-0

[Event "It"]
[Site "masterchessopen.com – Krefeld (Germany)"]
[Round "9"]
[White "Schoenthier Frank (GER)"]
[Black "Zueger Beat (SUI)"]
[Result "1-0"]
[WhiteElo "2320"]
[BlackElo "2426"]

1.e4 c5 2.Nf3 Nc6 3.d4 cxd4 4.Nxd4 Nf6 5.Nc3 d6 6.Bg5 e6 7.Qd2 a6 8.O-O-O Bd7
9.f4 Be7 10.Nf3 b5 11.Bxf6 gxf6 12.Kb1 Qb6 13.f5 O-O-O 14.g3 Kb8 15.fxe6 fxe6
16.Bh3 Bc8 17.Qe1 Qc5 18.Ne2 Rhe8 19.Ned4 Bf8 20.Nxc6+ Qxc6 21.Nd4 Qb6 22.Qc3
Bb7 23.Nxe6 Bxe4 24.Nxd8 Qxd8 25.Rhe1 Re5 26.Re2 Qe8 27.Bg2 Qh5 28.Rde1 Bxg2
29.Rxg2 Qf3 30.Rgg1 Qxc3 31.bxc3 Kc7 32.Rxe5 dxe5 33.Rf1 Be7 34.Rf5 h6 35.Kc1
Kd6 36.Kd2 Kd5 37.Kd3 Ke6 38.Ke4 Ba3 39.g4 Be7 40.Rf3 Bc5 41.Rh3 Bf8 42.c4
bxc4 {#r} 1-0

[Event "It (cat.14)"]
[Site "masterchessopen.com – Bugojno (Bosnia & Herzegovina)"]
[Round "0"]
[White "Timman Jan H (NED)"]
[Black "Ivanovic Bozidar (MNE)"]
[Result "1-0"]
[WhiteElo "2650"]
[BlackElo "2515"]

1.e4 c5 2.Nf3 Nc6 3.d4 cxd4 4.Nxd4 Nf6 5.Nc3 d6 6.Bg5 e6 7.Qd2 Bd7 8.O-O-O a6
9.f4 Be7 10.Nf3 b5 11.Bxf6 gxf6 12.Bd3 Qb6 13.Rhe1 O-O-O 14.Kb1 Kb8 15.Nd5
exd5 16.exd5 Ne5 17.fxe5 fxe5 18.Qh6 Qc5 19.Qh5 Rdf8 20.Bf5 Bxf5 21.Qxf5 Bd8
22.Rf1 Rhg8 23.g3 Rg6 24.a3 Qc4 25.Rd3 Qc8 26.Nd2 Qxf5 27.Rxf5 Rg5 28.Rdf3
Rxf5 29.Rxf5 Kc7 30.Ne4 Be7 31.g4 h6 32.c3 Kd7 33.b3 Bg5 34.Nxg5 hxg5 35.Rxg5
Rc8 36.Kc2 Ke7 37.h4 Kf6 38.Rf5+ Kg7 39.g5 Rc5 40.b4 Rxd5 41.h5 a5 42.h6+ Kg8
43.bxa5 Rc5 44.Rf6 Rc6 45.Kb3 e4 46.g6 fxg6 47.Rxg6+ Kh7 48.Re6 {#r} 1-0

[Event "Europe Tournament (corr.)"]
[Site "masterchessopen.com – corr."]
[Round "0"]
[White "Krueger Heiner (GER)"]
[Black "Magnusson Gylfi (ISL)"]
[Result "1-0"]
[WhiteElo "2080"]
[BlackElo "2245"]

1.e4 c5 2.Nf3 Nc6 3.d4 cxd4 4.Nxd4 Nf6 5.Nc3 e6 6.Bg5 d6 7.Qd2 a6 8.O-O-O Bd7
9.f4 Be7 10.Nf3 b5 11.Bxf6 gxf6 12.f5 b4 13.Ne2 Qa5 14.Kb1 O-O-O 15.Ned4 Rhg8
16.g3 Rg4 17.fxe6 fxe6 18.Qd3 Ne5 19.Qxa6+ Qxa6 20.Bxa6+ Kc7 21.Bd3 Nxf3
22.Nxf3 Bc6 23.Nd4 Kd7 24.Rhe1 Bb7 25.Bb5+ Kc8 26.Nxe6 Rdg8 27.Rd4 d5 28.exd5
Rxd4 29.Nxd4 Bc5 30.Ne6 Bd6 31.Bc4 h5 32.c3 bxc3 33.bxc3 h4 34.gxh4 Bxh2
35.Re2 Be5 36.Re3 Rg4 37.Bb5 Bxd5 38.Nc5 Rg1+ 39.Kb2 Rg2+ 40.Re2 Rg3 41.Nd3
Bd6 42.Nb4 Bf3 43.Rd2 Be5 44.a4 Bb7 45.Rd3 Rg4 46.Bd7+ {#r} 1-0

[Event "corr."]
[Site "masterchessopen.com – Scotland"]
[Round "0"]
[White "Bryson Douglas M (SCO)"]
[Black "Webb Simon (ENG)"]
[Result "1-0"]
[WhiteElo "2350"]
[BlackElo "2420"]

1.e4 c5 2.Nf3 Nc6 3.d4 cxd4 4.Nxd4 Nf6 5.Nc3 d6 6.Bg5 e6 7.Qd2 a6 8.O-O-O Bd7
9.f4 Be7 10.Nf3 b5 11.Bxf6 gxf6 12.f5 Qb6 13.Kb1 O-O-O 14.g3 Ne5 15.Nd4 h5
16.Bh3 Ng4 17.fxe6 fxe6 18.Bxg4 hxg4 19.Nf5 Bf8 20.Nxd6+ Bxd6 21.Qxd6 Qxd6
22.Rxd6 Kc7 23.Rhd1 b4 24.Ne2 e5 25.Nc1 Rxh2 26.b3 Rh3 27.R1d5 Rxg3 28.Nd3 Rf3
29.Nxb4 a5 30.Na6+ Kb7 31.Rc5 g3 32.Rc7+ Ka8 33.Nc5 {#r} 1-0

[Event "Ch City"]
[Site "masterchessopen.com – Rio de Janeiro (Brazil)"]
[Date "1984.11.15"]
[Round "1"]
[White "Limp Eduardo (BRA)"]
[Black "Da Silva Decio Koeler (BRA)"]
[Result "0-1"]
[WhiteElo "2382"]
[BlackElo "2177"]

1.e4 c5 2.Nf3 d6 3.d4 cxd4 4.Nxd4 Nf6 5.Nc3 Nc6 6.Bg5 e6 7.Qd2 a6 8.O-O-O Bd7
9.f4 Be7 10.Nf3 b5 11.Bxf6 gxf6 12.Kb1 Qb6 13.f5 O-O-O 14.Bd3 Kb8 15.Ne2 Ne5
16.Nf4 Rhe8 17.Rhe1 Bc8 18.Bf1 d5 19.exd5 Nxf3 20.gxf3 e5 21.Ng2 Bxf5 22.Ne3
Bc8 23.c4 Bc5 24.cxb5 axb5 25.Qd3 Bb7 26.Qe4 Bd4 27.Rd3 h5 28.Rb3 Qa5 29.Rd1
f5 30.Qxf5 Bxe3 31.Rxe3 Bxd5 32.Rxd5 Rxd5 33.Bd3 Red8 34.Qf6 Qc7 35.Bc2 {#R}
0-1

[Event "World Tournament (corr.)"]
[Site "masterchessopen.com – corr."]
[Round "0"]
[White "Hermlin Aarne (EST)"]
[Black "Luft Josef"]
[Result "1-0"]
[WhiteElo "2233"]
[BlackElo "2155"]

1.e4 c5 2.Nf3 d6 3.d4 cxd4 4.Nxd4 Nf6 5.Nc3 Nc6 6.Bg5 e6 7.Qd2 a6 8.O-O-O Bd7
9.f4 Be7 10.Nf3 b5 11.Bxf6 Bxf6 12.Qxd6 Be7 13.Qd2 b4 14.Na4 Ra7 15.Qe3 Qa5
16.b3 Rb7 17.Nd2 Na7 18.Nc4 Qc7 19.Rxd7 Kxd7 20.Ne5+ Ke8 21.Bxa6 Rb8 22.Rd1
Rd8 23.Rxd8+ Bxd8 24.Qd4 Be7 25.Nd3 Kf8 26.Kb2 Kg8 27.e5 g6 28.g4 h5 29.f5
gxf5 30.gxf5 exf5 31.Qf4 Nc6 32.c3 Qa7 33.Bc4 bxc3+ 34.Nxc3 Ba3+ 35.Kc2 Qg1
36.Nb5 Be7 37.Qxf5 Qxh2+ 38.Kc3 Nd8 39.Nd6 Bxd6 40.Qg6+ Kf8 41.Qxd6+ Kg7
42.Qf6+ {#r} 1-0

[Event "Simultan"]
[Site "masterchessopen.com – Zaragoza (Spain)"]
[Round "0"]
[White "Kasparov Garry (RUS)"]
[Black "Romero Coca Albert (ESP)"]
[Result "1-0"]
[WhiteElo "2740"]
[BlackElo "1422"]

1.e4 c5 2.Nf3 d6 3.d4 cxd4 4.Nxd4 Nf6 5.Nc3 Nc6 6.Bg5 e6 7.Qd2 Be7 8.O-O-O a6
9.f4 Bd7 10.Nf3 b5 11.Bxf6 gxf6 12.Kb1 Qb6 13.g3 Na5 14.b3 Bc6 15.Qd4 Qc7
16.f5 Rc8 17.fxe6 fxe6 18.Bd3 Bd7 19.Ne2 Qc5 20.Rhf1 Qxd4 21.Nexd4 Nc6 22.Nxc6
Rxc6 23.Be2 O-O 24.c4 Rb8 25.Rc1 bxc4 26.Bxc4 Rxc4 27.Rxc4 Bb5 28.Rfc1 Bxc4
29.Rxc4 Rb7 30.Kc2 Bd8 31.Rc8 Rc7+ 32.Rxc7 Bxc7 33.Kd3 Kf7 34.Kc4 Ke7 35.b4
Kd7 36.a4 Bb6 37.g4 Be3 38.Nd4 Bxd4 39.Kxd4 Kc6 40.Kc4 Kb6 41.b5 axb5+ 42.axb5
Ka5 43.h3 h6 44.h4 Kb6 45.Kb4 d5 46.exd5 exd5 47.h5 {#r} 1-0

[Event "corr."]
[Site "masterchessopen.com – DDR"]
[Round "0"]
[White "Heinrich Hans (GER)"]
[Black "Winter Karlheinz (GER)"]
[Result "1-0"]
[WhiteElo "2199"]
[BlackElo "1993"]

1.e4 c5 2.Nf3 Nc6 3.d4 cxd4 4.Nxd4 Nf6 5.Nc3 d6 6.Bg5 e6 7.Qd2 a6 8.O-O-O Be7
9.f4 Bd7 10.Nf3 b5 11.Bxf6 Bxf6 12.Qxd6 Bxc3 13.bxc3 Ra7 14.Nd4 Rc7 15.Nxc6
Rxc6 16.Qxc6 Bxc6 17.Rxd8+ Kxd8 18.Bd3 Ke7 19.Re1 Rc8 20.c4 b4 21.c3 Rd8
22.Kd2 a5 23.c5 Rb8 24.Rb1 h5 25.cxb4 axb4 26.a3 b3 27.Kc3 Ba4 28.e5 Kd7
29.Bc4 Rc8 30.Kb4 Bc6 31.g3 Rb8+ 32.Kc3 Be4 33.Rxb3 Rc8 34.Bb5+ Kc7 35.Rb4 Bb7
36.c6 Ba8 37.Rd4 Kb6 38.Kb4 Bxc6 39.Rd6 Rc7 40.Rxc6+ Rxc6 41.Bxc6 Kxc6 42.a4
Kb6 43.a5+ Kc6 44.Kc4 f6 45.a6 Kb6 46.a7 {#r} 1-0

[Event "Memorial Hodzhaev"]
[Site "masterchessopen.com – Tashkent (Uzbekistan)"]
[Round "0"]
[White "Ziatdinov Raset (USA)"]
[Black "Tseshkovsky Vitaly (RUS)"]
[Result "1-0"]
[WhiteElo "2365"]
[BlackElo "2485"]

1.e4 c5 2.Nf3 Nc6 3.d4 cxd4 4.Nxd4 Nf6 5.Nc3 d6 6.Bg5 e6 7.Qd2 a6 8.O-O-O Bd7
9.f4 Be7 10.Nf3 b5 11.Bxf6 Bxf6 12.Qxd6 Be7 13.Qd2 b4 14.Na4 Ra7 15.Qe3 Qa5
16.b3 Rb7 17.Nd2 Na7 18.Nc4 Qc7 19.e5 Bxa4 20.bxa4 O-O 21.Bd3 Rbb8 22.Qe4 g6
23.h4 Rfd8 24.h5 Nc6 25.hxg6 hxg6 26.Rh3 Bf8 27.Rdh1 Bg7 28.Rh7 Kf8 29.Qe3 Ne7
30.Qh3 Rxd3 31.cxd3 Ng8 32.Rxg7 Kxg7 33.Qh8+ Kf8 34.Rh7 {#r} 1-0

[Event "Match \"]
[Site "masterchessopen.com – Helsinki (Finland)"]
[Round "-59"]
[White "Ernst Thomas (SWE)"]
[Black "Maki Veijo (FIN)"]
[Result "0-1"]
[WhiteElo "2450"]
[BlackElo "2400"]

1.e4 c5 2.Nf3 Nc6 3.Nc3 Nf6 4.d4 cxd4 5.Nxd4 d6 6.Bg5 e6 7.Qd2 a6 8.O-O-O Bd7
9.f4 Be7 10.Nf3 b5 11.Bxf6 gxf6 12.f5 Qb6 13.Kb1 O-O-O 14.g3 Kb8 15.fxe6 fxe6
16.Bh3 Bc8 17.Qe1 Bf8 18.Ne2 Bg7 19.Rf1 Rhe8 20.Nfd4 Nxd4 21.Nxd4 d5 22.c3 Bb7
23.exd5 Bxd5 24.Bg4 f5 25.Bf3 b4 26.Ka1 Bxf3 27.Rxf3 Ka7 28.Rfd3 bxc3 29.Nc6+
Qxc6 30.Rxd8 Rxd8 31.Rxd8 Kb7 32.Rg8 cxb2+ 33.Kb1 Bc3 34.Qd1 Qe4+ {#R} 0-1

[Event "It"]
[Site "masterchessopen.com – Rostock (Germany)"]
[Round "5"]
[White "Klovans Janis (LAT)"]
[Black "Rossmann Helmut (GER)"]
[Result "1-0"]
[WhiteElo "2436"]
[BlackElo "2264"]

1.e4 c5 2.Nf3 d6 3.d4 cxd4 4.Nxd4 Nf6 5.Nc3 Nc6 6.Bg5 e6 7.Qd2 a6 8.O-O-O Bd7
9.f4 Be7 10.Nf3 b5 11.Bxf6 gxf6 12.Kb1 Qb6 13.Bd3 O-O-O 14.Rhf1 Kb8 15.Ne2 Bc8
16.f5 h5 17.Nf4 Rdg8 18.g3 Ne5 19.Nh4 Rg5 20.Be2 Qc6 21.Nf3 Nxf3 22.Bxf3 Qc5
23.Qe2 h4 24.g4 Rgg8 25.a3 Bd7 26.Rd3 Bf8 27.Rfd1 Bc8 28.Rc3 Qa7 29.Nd3 e5
30.Nb4 Bb7 31.Rc6 Be7 32.Rxa6 Qxa6 33.Nxa6+ Bxa6 34.a4 Rc8 35.axb5 Bb7 36.c4
Kc7 37.b4 Ra8 38.c5 dxc5 39.Qc4 Ra4 40.Qxf7 Rxb4+ 41.Kc2 {#r} 1-0

[Event "It (open)"]
[Site "masterchessopen.com – Dortmund (Germany)"]
[Round "3"]
[White "Maxion Dirk (GER)"]
[Black "Richter Goetz (GER)"]
[Result "1-0"]
[WhiteElo "2223"]
[BlackElo "2018"]

1.e4 c5 2.Nf3 d6 3.d4 cxd4 4.Nxd4 Nf6 5.Nc3 Nc6 6.Bg5 e6 7.Qd2 a6 8.O-O-O Bd7
9.f4 Be7 10.Nf3 b5 11.Bxf6 gxf6 12.Kb1 Qc7 13.Bd3 Rc8 14.f5 h5 15.Ne2 Qa5
16.Qf4 Nb4 17.Nc1 Bf8 18.fxe6 Bxe6 19.a3 Nxd3 20.Rxd3 Rg8 21.Nd4 Rg4 22.Qf3
Bc4 23.Qf5 Rc5 24.Qxf6 Qc7 25.Rd2 Bg7 26.Qf3 Rcg5 27.Nf5 Be5 28.g3 Qc6 29.Re1
Rg6 30.Nd3 Bh8 31.Nf4 Re6 32.Nxe6 {#r} 1-0

[Event "Ch Sweden"]
[Site "masterchessopen.com – Borlange (Sweden)"]
[Round "11"]
[White "Jonsson Mikael (SWE)"]
[Black "Schneider Lars-Ake (SWE)"]
[Result "0-1"]
[WhiteElo "2340"]
[BlackElo "2364"]

1.e4 c5 2.Nf3 Nc6 3.d4 cxd4 4.Nxd4 Nf6 5.Nc3 d6 6.Bg5 e6 7.Qd2 a6 8.O-O-O Bd7
9.f4 Be7 10.Nf3 b5 11.Bxf6 Bxf6 12.Qxd6 Be7 13.Qd2 b4 14.Ne2 Ra7 15.Ned4 Qc7
16.Kb1 O-O 17.Nxc6 Bxc6 18.Qe3 a5 19.Ne5 Ba4 20.Nc4 Bb5 21.Ne5 Ba4 22.Nc4 Bc5
23.Qd2 Bc6 24.e5 a4 25.Bd3 Bd5 26.f5 exf5 27.Qf4 b3 28.cxb3 axb3 29.axb3 Qb7
30.Bxf5 Bxg2 31.Rhe1 Qxb3 32.Rd3 Qa2+ 33.Kc2 Ra4 34.Rc3 Bd5 35.Bd3 Bb4 36.Rg1
g6 37.Nb6 Bxc3 38.Nxa4 Qb3+ 39.Kc1 Bxb2+ 40.Nxb2 Rc8+ 41.Kd2 Qxb2+ 42.Ke3 Re8
43.Qa4 Qxe5+ 44.Kd2 Qxh2+ 45.Kc3 Rc8+ {#R} 0-1

[Event "It (active)"]
[Site "masterchessopen.com – Oviedo (Spain)"]
[Round "0"]
[White "Urday Henry (PER)"]
[Black "Bayon Fernandez Rogelio (ESP)"]
[Result "1-0"]
[WhiteElo "2455"]
[BlackElo "2192"]

1.e4 c5 2.Nf3 Nc6 3.d4 cxd4 4.Nxd4 Nf6 5.Nc3 d6 6.Bg5 e6 7.Qd2 a6 8.O-O-O Bd7
9.f4 Be7 10.Nf3 b5 11.Bxf6 gxf6 12.Bd3 b4 13.Ne2 Qa5 14.Kb1 b3 15.cxb3 Qxd2
16.Rxd2 Rg8 17.Nc3 Bd8 18.a3 Bb6 19.g3 Ke7 20.Rhd1 Be3 21.Re2 Bb6 22.Bc2 Nd8
23.e5 fxe5 24.fxe5 d5 25.Rxd5 exd5 26.Nxd5+ Kf8 27.Nxb6 Bb5 28.Rd2 Rb8 29.Nd5
Bc6 30.Nf6 Rh8 {#r} 1-0

[Event "It \"]
[Site "masterchessopen.com – Stockholm (Sweden)"]
[Round "1"]
[White "Nordstrom Felix (SWE)"]
[Black "Ernst Thomas (SWE)"]
[Result "0-1"]
[WhiteElo "2181"]
[BlackElo "2480"]

1.e4 c5 2.Nf3 Nc6 3.d4 cxd4 4.Nxd4 Nf6 5.Nc3 d6 6.Bg5 e6 7.Qd2 a6 8.O-O-O Bd7
9.f4 Be7 10.Nf3 b5 11.Bxf6 gxf6 12.Bd3 Qa5 13.Kb1 O-O-O 14.g4 Kb8 15.h4 Bc8
16.Qe3 Qc7 17.g5 Qa7 18.Qe1 h6 19.gxh6 Rxh6 20.Qg3 Rg6 21.Qh2 Rdg8 22.Rdg1 Qe3
23.Rxg6 fxg6 24.Rf1 f5 25.Nd1 Qc5 26.Qg3 Nb4 27.Ng5 Bf6 28.Nh7 Bh8 29.exf5
exf5 30.Re1 Qd5 31.a3 Qa2+ 32.Kc1 Qa1+ 33.Kd2 Na2 34.Re7 Bxb2 35.Nxb2 Qxb2
36.Qf2 Bb7 37.Qb6 Qc1+ 38.Ke2 Nc3+ 39.Kf2 Qxf4+ 40.Ke1 Qxh4+ 41.Kd2 Qxe7 {#R}
0-1

[Event "It \"]
[Site "masterchessopen.com – Tilburg (Netherlands)"]
[Round "2"]
[White "Khalifman Alexander (RUS)"]
[Black "Svidler Peter (RUS)"]
[Result "1-0"]
[WhiteElo "2645"]
[BlackElo "2550"]

1.e4 c5 2.Nf3 Nc6 3.d4 cxd4 4.Nxd4 Nf6 5.Nc3 d6 6.Bg5 e6 7.Qd2 a6 8.O-O-O Bd7
9.f4 Be7 10.Nf3 b5 11.Bxf6 gxf6 12.Bd3 Qb6 13.Rhe1 b4 14.Nd5 { !? } ( 14.Ne2 {
? } ) 14...exd5 ( 14...Qa5 15.Bc4 ( 15.Nxe7 Qxa2 { ? } ) ( 15.Kb1 { !? }
15...exd5 16.exd5 Qxd5 17.Qe2 { ? } ) 15...exd5 16.exd5 Na7 17.Nd4 { ? } )
15.exd5 Na7 ( 15...b3 { !? } 16.axb3 Qa5 ( 16...Nb4 17.Qe2 Qd8 18.Nd4 { ± } )
17.Qxa5 Nxa5 18.Nd4 { ? } ) 16.Qe2 Nc8 17.Nh4 Ra7 18.Bf5 { ? } ( 18.Qh5 Qa5
19.Kb1 Nb6 { ! } ) ( 18.Nf5 Bxf5 19.Bxf5 Kd8 { ? } ) 18...h5 { ! } 19.Rd3 Kd8
20.Bxd7 Rxd7 21.Nf5 Rc7 ( 21...Kc7 22.a3 { !? } ( 22.Rd4 Kb8 23.Rc4 { ? } ) )
22.Re3 Qb7 ( 22...Bf8 { ? } 23.Re8+ Kd7 24.Rd8+ { ! } ) 23.Qf3 Qb5 { ?! } (
23...Re8 24.Nd4 { ! } 24...Na7 25.Qxh5 { ± } ) ( 23...a5 { ! } ) 24.Nd4 { ± }
24...Qc4 25.Nc6+ Rxc6 26.dxc6 f5 ( 26...Qxa2 27.c7+ Kd7 28.Qh3+ Kxc7 29.Rxe7+
Nxe7 30.Rxe7+ { +?? } ) ( 26...d5 27.c7+ { ! } 27...Kd7 ( 27...Qxc7 28.Qxd5+
Bd6 29.Qd4 { +?? } ) 28.Qh3+ { ± } ) 27.b3 { ! } 27...Qc5 ( 27...Qd4 28.Rd3
Qc5 29.Qd5 { ± } ) ( 27...Qb5 28.Rd1 Kc7 29.Rd5 Qxc6 30.Rxf5 Qxf3 31.Rxf3 { ±
} ) 28.Qe2 d5 ( 28...Qxc6 29.Rxe7 Nxe7 30.Qxe7+ Kc8 31.Qf6 { +?? } ) (
28...Re8 29.Qxa6 Na7 30.Rd3 { ! } 30...Nxc6 31.Qa8+ Kd7 32.Qb7+ Kd8 33.Red1 {
± } ) 29.Qxa6 { +?? } 29...Rg8 ( 29...Rh6 30.c7+ ) 30.Qb7 Qd6 31.Rxe7 { ! }
31...Nxe7 32.Rxe7 { } {#r} 1-0

[Event "It (open)"]
[Site "masterchessopen.com – Karl-Mala (Germany)"]
[Round "4"]
[White "Roederer Kai (GER)"]
[Black "Cicak Slavko (SWE)"]
[Result "0-1"]
[WhiteElo "2218"]
[BlackElo "2465"]

1.e4 c5 2.Nf3 d6 3.d4 cxd4 4.Nxd4 Nf6 5.Nc3 Nc6 6.Bg5 e6 7.Qd2 Be7 8.O-O-O a6
9.f4 Bd7 10.Nf3 b5 11.Bxf6 gxf6 12.Kb1 Qb6 13.g3 O-O-O 14.Bh3 Kb8 15.Ne2 Bc8
16.f5 d5 17.exd5 Rxd5 18.Qh6 Qf2 19.Rxd5 Qxf3 20.Rdd1 Qxe2 21.Qg7 Rd8 22.Rxd8
Nxd8 23.fxe6 Nxe6 24.Bxe6 Bxe6 25.Qxh7 Qc4 26.b3 Qd5 27.Rf1 f5 28.Qh8+ Kb7
29.Qh5 Qe4 30.Qf3 b4 31.Qxe4+ fxe4 32.c3 e3 33.Re1 Bg5 34.cxb4 Bf5+ 35.Kb2
Bf6+ 36.Kc1 Bd4 37.Kd1 Bd3 38.a3 Kc6 39.Kc1 Kd5 40.Kd1 Ke4 {#R} 0-1

[Event "It (open) \"]
[Site "masterchessopen.com – Baden (Switzerland)"]
[Round "4"]
[White "Roelli Raphael (SUI)"]
[Black "Papa Severin (SUI)"]
[Result "1-0"]
[WhiteElo "2082"]
[BlackElo "2410"]

1.e4 c5 2.Nf3 Nc6 3.d4 cxd4 4.Nxd4 Nf6 5.Nc3 d6 6.Bg5 e6 7.Qd2 a6 8.O-O-O Bd7
9.f4 Be7 10.Nf3 b5 11.Bxf6 gxf6 12.f5 Qb6 13.g3 O-O-O 14.fxe6 fxe6 15.Bh3 Qa5
16.Kb1 b4 17.Ne2 d5 18.exd5 exd5 19.Ned4 Nxd4 20.Bxd7+ Rxd7 21.Nxd4 Qb6
22.Rhe1 a5 23.Re6 Qb7 24.Rde1 Rf8 25.Rc6+ {#r} 1-0

[Event "Czech League 1997/98 (2nd)"]
[Site "masterchessopen.com – Czech Republic"]
[Round "0"]
[White "Klicnar Martin (CZE)"]
[Black "Hausner Ivan (CZE)"]
[Result "0-1"]
[WhiteElo "2157"]
[BlackElo "2405"]

1.e4 c5 2.Nf3 d6 3.d4 cxd4 4.Nxd4 Nf6 5.Nc3 Nc6 6.Bg5 e6 7.Qd2 a6 8.O-O-O Bd7
9.f4 Be7 10.Nf3 b5 11.Bxf6 gxf6 12.f5 Qb6 13.Kb1 O-O-O 14.g3 Kb8 15.Bh3 Rhe8
16.fxe6 fxe6 17.Qh6 Qc5 18.Ne2 Rc8 19.Rd2 Na5 20.Ned4 Nc4 21.Re2 Bd8 22.Qxh7
Re7 23.Qh6 a5 24.Rd1 a4 25.a3 b4 26.axb4 Qxb4 27.c3 Qb6 28.Qc1 e5 29.Bxd7 Rxd7
30.Nc2 a3 31.Nb4 axb2 32.Rxb2 Nxb2 33.Qxb2 Rb7 34.Nd2 Qe3 35.Ka2 Ba5 36.Nb3
Bxb4 37.cxb4 Rxb4 38.Rxd6 Ra4+ 39.Kb1 Qxe4+ {#R} 0-1

[Event "It (open) \"]
[Site "masterchessopen.com – Crailsheim (Germany)"]
[Date "1999.05.23"]
[Round "4"]
[White "Klovans Janis (LAT)"]
[Black "Richter Goetz (GER)"]
[Result "1-0"]
[WhiteElo "2465"]
[BlackElo "2099"]

1.e4 c5 2.Nf3 Nc6 3.d4 cxd4 4.Nxd4 Nf6 5.Nc3 d6 6.Bg5 e6 7.Qd2 a6 8.O-O-O Bd7
9.f4 Be7 10.Nf3 b5 11.Bxf6 gxf6 12.f5 Qb6 13.Kb1 h5 14.g3 Qc5 15.Bh3 Ne5
16.fxe6 fxe6 17.Nd4 Ng4 18.Rhf1 Rc8 19.Rde1 Bd8 20.Nb3 Qe5 21.Nd5 Rc4 22.Nf4
Rg8 23.Qe2 Qg5 24.Nd2 Rc5 25.Nf3 Qh6 26.Nd4 Ke7 27.Qd2 Qh7 28.Nf3 Rc4 29.Qd3
Bb6 30.Nd5+ {#r} 1-0

[Event "Cup Nord-West"]
[Site "masterchessopen.com – Oldenburg (Germany)"]
[Round "2"]
[White "Hoffmann Alexander (GER)"]
[Black "Richter Goetz (GER)"]
[Result "1-0"]
[WhiteElo "2135"]
[BlackElo "2073"]

1.e4 c5 2.Nf3 Nc6 3.Nc3 d6 4.d4 cxd4 5.Nxd4 Nf6 6.Bg5 e6 7.Qd2 a6 8.O-O-O Bd7
9.f4 Be7 10.Nf3 b5 11.Bxf6 gxf6 12.f5 h5 13.g3 b4 14.Ne2 e5 15.Kb1 Qb6 16.Nc1
a5 17.Bc4 Rc8 18.Bd5 Na7 19.Ne2 Nb5 20.Ka1 Bf8 21.Qd3 Bh6 22.Nd2 Ke7 23.Nc4
Qc5 24.Qf3 Nc7 25.b3 Nb5 26.Rd3 Bg7 27.Rhd1 h4 28.Qg4 Rcg8 29.gxh4 Bf8 30.Qf3
Rxh4 31.h3 Bh6 32.Bb7 Bc6 33.Nxd6 Qxc2 34.Bxc6 Qxc6 35.Nxb5 Qxb5 36.Qf2 Bg5
37.Qa7+ Kf8 38.Rd7 Rh7 39.Re1 Bd2 40.Rxd2 Rxh3 41.Rd8+ {#r} 1-0